| 000 | 01128nam a22003257a 4500 | ||
|---|---|---|---|
| 003 | EG-ScBUE | ||
| 005 | 20220227112722.0 | ||
| 008 | 110601s2010 ua f 000 f1eeng d | ||
| 020 | _a977416346X | ||
| 020 | _a9789774163463 | ||
| 040 |
_aEG-ScBUE _beng _erda _cEG-ScBUE _dEG-ScBUE |
||
| 082 | 0 | 4 |
_222 _a892.735 _bMOH |
| 100 | 1 |
_924505 _aMuhaymid, Yusuf, _eauthor. |
|
| 240 | 1 | 0 |
_aقارورة. _lEnglish |
| 245 |
_aMunira's bottle / _cYousef Al-Mohaimeed ; translated by Anthony Calderbank. |
||
| 264 | 1 |
_aCairo : _bThe American University in Cairo Press, _c2010. |
|
| 300 |
_a213 pages ; _c21 cm. |
||
| 336 |
_2rdacontent _atext _btxt |
||
| 337 |
_2rdamedia _aunmediated _bn |
||
| 338 |
_2rdacarrier _avolume _bnc |
||
| 490 | 0 | _aModern Arabic literature | |
| 500 | _aOriginally published in Arabic:2004, al-Qarura | ||
| 546 | _aText in English ; translated from the Arabic. | ||
| 650 | 7 |
_924506 _aWomen _xSocial conditions _zSaudi Arabia _vFiction. _2BUEsh |
|
| 651 | _2BUEsh | ||
| 653 |
_cJune2011 _bHHUUEENN |
||
| 655 |
_vReading book _934232 |
||
| 700 | 1 |
_924469 _aCalderbank, Anthony, _etranslator. |
|
| 942 |
_2ddc _cBB |
||
| 999 |
_c15490 _d15490 |
||